| 000 | 00416nam a22001217a 4500 | ||
|---|---|---|---|
| 082 | _a220 PRO | ||
| 100 |
_aNC MUHAMMAD USMAN HAIDER NC SHAHRYAR ARSHAD PC MUHAMMAD ABDULLAH ARSHAD _971225 |
||
| 245 | _aPR-SOF-1747-ADVANCED ENERGY METER | ||
| 260 |
_aISLAMABAD _bNUST COLLEGE OF EME _c2018 |
||
| 650 |
_aDE-ELECT-36 DECLASS _971226 |
||
| 700 |
_a Project Supervisor Dr. AZHAR UL HAQ Dr. USMAN ALI _971227 |
||
| 942 | _cCR | ||
| 999 |
_c577862 _d577862 |
||